Yogic Human Anatomy And Physiology/ (Record no. 210962)

MARC details
000 -LEADER
fixed length control field 00671nam a22002057a 4500
005 - DATE AND TIME OF LATEST TRANSACTION
control field 20250416104926.0
010 ## - LCCN (DPL NO)
LC control number ENG-144636
020 ## - INTERNATIONAL STANDARD BOOK NUMBER
International Standard Book Number 9789384603625
Terms of availability 495.00
035 ## - SYSTEM CONTROL NUMBER
System control number EN-128168
037 ## - SOURCE OF ACQUISITION
Source of stock number/acquisition DBAD
082 ## - DEWEY DECIMAL CLASSIFICATION NUMBER
Classification number 611
Edition number 1st
100 ## - MAIN ENTRY--PERSONAL NAME
Personal name Sharma, Hiralal
245 ## - TITLE STATEMENT
Title Yogic Human Anatomy And Physiology/
Statement of responsibility, etc Dr. Hiralal sharma.
250 ## - EDITION STATEMENT
Edition statement 1st
260 ## - PUBLICATION, DISTRIBUTION, ETC. (IMPRINT)
Place of publication, distribution, etc NEW DELHI
Name of publisher, distributor, etc Sports Education Technologies
Date of publication, distribution, etc 2022
270 ## - ADDRESS
Address 102, 4787/23, Ansari Road, Daryaganj
City NEW DELHI
Telephone number 0112760185
Postal code 110002
Electronic mail address sportseducationaltechnologies@gmail.com
300 ## - PHYSICAL DESCRIPTION
Extent xxx,(64p)
Dimensions 25 cm(hbk)
700 ## - ADDED ENTRY--PERSONAL NAME
Personal name S.Sharma
9 (RLIN) 80603
942 ## - ADDED ENTRY ELEMENTS (KOHA)
Source of classification or shelving scheme Dewey Decimal Classification
Item type English Books
Classification part 611
Call number suffix HIR
Edition 1
Holdings
Withdrawn status Lost status Not for loan Collection code Home library Current library Date acquired Source of acquisition Cost, normal purchase price Full call number Barcode Copy number Cost, replacement price Koha item type
    Not For Loan Non-fiction D.B.Act.Division D.B.Act.Division 16/04/2025 DBAD 495.00 611 HIR EN-128161 1 495.00 English Books
      Non-fiction Patel Nagar Patel Nagar 16/04/2025 DBAD 495.00 611 HIR EN-128168 1 495.00 English Books

© Delhi Public Library
Hit Counter
free hit counter